Nové realismy moderní realistické přístupy na československé výtvarné scéně 1918-1945

Bibliographic Details
Other Authors: Habán, Ivo, 1977- (Editor), Pohl, Stephan von, 1971- (Translator), Jones, Philip, 1960- (Translator), Jurečková, Janka (Translator)
Format: Book
Language:Czech
Slovak
English
French
German
PhysicalDescription:487 strán faksimile, ilustrácie (prevažne farebné), portréty 29 cm
Published: V Liberci Národní památkový ústav 2019
ISBN:9788087810354
Edition:Vydání první
Subjects:

MARC

LEADER 00000cam a2200000 4500
001 vtls012058198
003 SK-MaSNL
005 20260301044443.0
008 210609s2019 xr hac frn 001 0 cze
015 |a SNBZSA2023 
020 |a 9788087810354  |q (viazané) 
040 |a SNK  |b slo  |c SNK  |e rda 
041 1 |a cze  |a slo  |b ger  |h eng  |h fre  |h ger 
044 |a xr  |c CZ 
072 7 |a 7.01/.09  |x Umenie  |2 konspekt 
080 |a 72/76(437.1/.3)  |2 2001 
080 |a 72/76(437.6)  |2 2001 
080 |a 7.036.1  |2 2001 
080 |a 7.036/.038  |2 2011 
080 |a (048.8:082)  |2 2011 
245 0 0 |a Nové realismy  |b moderní realistické přístupy na československé výtvarné scéně 1918-1945  |c Ivo Habán ed. ; translations Stephan von Pohl, Phil Jones, Janka Jurečková 
246 3 0 |a Modern realist approaches across the Czechoslovak scene, 1918-1945 
250 |a Vydání první 
264 1 |a V Liberci  |b Národní památkový ústav  |c 2019 
300 |a 487 strán  |b faksimile, ilustrácie (prevažne farebné), portréty  |c 29 cm 
336 |a text  |b txt  |2 rdacontent 
336 |a statický obraz  |b sti  |2 rdacontent 
337 |a bez média  |b n  |2 rdamedia 
338 |a zväzok  |b nc  |2 rdacarrier 
500 |a Čiastočne preložené z angličtiny, francúzštiny a nemčiny 
504 |a Obsahuje bibliografiu, bibliografické odkazy a register 
546 |a Čiastočne slovenský text a nemecké resumé 
648 7 |a 1918-1945  |2 SNKPH  |9 276922 
650 0 7 |a české umenie  |2 SNKPH  |9 2981 
650 0 7 |a slovenské umenie  |2 SNKPH  |9 3001 
650 0 7 |a realizmus (umenie)  |2 SNKPH  |9 118221 
650 0 7 |a Czech art  |2 SNKPHeng  |9 330035 
650 0 7 |a Slovak art  |2 SNKPHeng  |9 275442 
650 0 7 |a Realism (art)  |2 SNKPHeng  |9 288869 
650 0 7 |a moderné umenie  |2 SNKPH  |9 68456 
650 0 7 |a Modern art  |2 SNKPHeng  |9 294689 
655 7 |a kolektívne monografie  |2 SNKPH  |9 249850 
655 7 |a Collective monographs  |2 SNKPHeng  |9 125747 
700 1 |a Habán, Ivo,  |d 1977-  |4 edt  |9 350884 
700 1 |a Pohl, Stephan von,  |d 1971-  |4 trl  |9 50555 
700 1 |a Jones, Philip,  |d 1960-  |4 trl  |9 350885 
700 1 |a Jurečková, Janka  |4 trl  |9 66453 
852 |a Slovenská národná knižnica 
919 |a 978-80-87810-35-4 
954 |a odborná, vedecká literatúra cudzojazyčná (svetová)  |2 lita 
958 |a NB 
958 |a CZ 
958 |a SK 
958 |a OP 
968 |b ENG  |b FR  |b DT 
999 |c 596039  |d 597969 
952 |a SNK  |b SNK  |y VYP  |7 0  |p 17A1478740  |o snkSB 97014 D1  |i snk2022/1480  |8 2  |g 62.67  |0 0  |1 0  |4 0  |d 2021-12-14  |l 0  |r 2026-02-23 15:38:50  |w 2026-02-23 
952 |a SNK  |b SNK  |y PREZ  |7 0  |p 17A1457447  |o snkSB 97014  |i snk2021/11358  |8 4  |g 64.36  |0 0  |1 0  |4 0  |d 2021-06-09  |f 1  |l 0  |r 2025-05-19 00:00:00  |w 2026-02-23 
952 |t snkHAB 7.01/.09  |a SNKUST  |b SNKUST  |y PREZ  |7 0  |p 17A1479076  |o snkSB 97014 D2  |i snk2023/13321  |8 4  |g 66.77  |0 0  |1 0  |4 0  |d 2022-03-30  |l 0  |r 2025-05-29 00:00:00  |w 2026-02-23